000 00449nam a2200145Ia 4500
008 230917s9999||||xx |||||||||||||| ||und||
040 _e89139
_aMAIN
041 _aEnglish
082 _a347.7 S32S
100 _aUniversal
245 0 _aSales promotion employees (conditions of service) act, 1976: Along with the sales promotion employees (conditions of service) rules, 1976
260 _aDelhi
_bUniversal
_c2003
300 _a16 p.
942 _cBK
999 _c115902
_d115902